| 000 | 01475nam a2200277Ia 4500 | ||
|---|---|---|---|
| 999 |
_c36604 _d36604 |
||
| 001 | 2524 | ||
| 003 | GE_BSU | ||
| 005 | 20260327134809.0 | ||
| 008 | 181216s2010||||ge |||||||||||||| ||geo|| | ||
| 020 | _a9789941129582 | ||
| 040 | _cGE_BSU | ||
| 041 | _ageo | ||
| 080 | _a339.9(479.22:4) ფ-97 | ||
| 100 |
_aფუტკარაძე, რამაზ. _921350 |
||
| 245 |
_aსაქართველო–ევროკავშირის სავაჭრო–ეკონომიკური ურთიერთობები: _bპრობლემები და პერსპექტივები / _cრამაზ ფუტკარაძე, რედ. ლარისა ყორღანაშვილი |
||
| 264 |
_aთბილისი : _bუნივერსალი, _c2010. |
||
| 300 |
_a407 გვ. _b22 სმ. _cცხრ. ; |
||
| 501 | _aდანართები: გვ. 296-406. | ||
| 504 | _aბიბლიოგრ. ტექსტ. შენიშვნ. და გვ. 272-293. | ||
| 520 | _aრეზ. ინგლ. | ||
| 653 | _aსაქართველო–ევროკავშირის სავაჭრო–ეკონომიკური ურთიერთობები | ||
| 653 | _aეკონომიკა | ||
| 700 |
_aყორღანაშვილი, ლარისა _eრედაქტორი _914273 |
||
| 710 |
_aთსუ. _927225 |
||
| 942 |
_cBK _2udc |
||